000 00982nam a2200205Ia 4500
999 _c37991
_d37991
001 3975
003 GE_BSU
005 20190902172503.0
008 181216s1977||||ge |||||||||||||| ||geo||
040 _cGE_BSU
041 _ageo
080 _a33(479.22)+91(479.22) ს–32
245 _aსაქართველოს აღმოსავლეთი ეკონომიური რაიონი /
_cრედ. გ. გველესიანი, ვ. ჯაოშვილი; ვახუშტის სახ. გეოგრაფიის ინ–ტი.
264 _aთბ. :
_bმეცნიერება,
_c1977.
300 _a204 გვ. ;
_b21 სმ.
653 _a საქართველოს ეკონომიკური გეოგრაფია
700 _aგველესიანი, გ.
_eრედაქტორი
_92869
700 _aჯაოშვილი, ვ.
_eრედაქტორი
_93873
942 _cBK
_2udc